BSOP header

Small groups : (Record no. 20171)

MARC details
000 -LEADER
fixed length control field 00610nam a2200157 4500
008 - FIXED-LENGTH DATA ELEMENTS--GENERAL INFORMATION
fixed length control field 040604s1955 xx 000 0 eng
090 ## - LOCALLY ASSIGNED LC-TYPE CALL NUMBER (OCLC); LOCAL CALL NUMBER (OCLC)
Classification number (OCLC) (R) ; Classification number, CALL (RLIN) (NR) HM291
Local cutter number (OCLC) ; Book number/undivided call number, CALL (RLIN) Sm1h
245 10 - TITLE STATEMENT
Title Small groups :
Remainder of title studies in social interaction /
Statement of responsibility, etc edited by A. Paul Hare, Edgar F. Borgatta [and] Robert F. Bales.
260 ## - PUBLICATION, DISTRIBUTION, ETC. (IMPRINT)
Place of publication, distribution, etc New York :
Name of publisher, distributor, etc Knopf,
Date of publication, distribution, etc 1955.
300 ## - PHYSICAL DESCRIPTION
Extent xv, 666 p.
Other physical details diagrs., tables.
Dimensions 24 cm.
504 ## - BIBLIOGRAPHY, ETC. NOTE
Bibliography, etc Bibliography: p. [579]-661.
650 #4 - SUBJECT ADDED ENTRY--TOPICAL TERM
Topical term or geographic name as entry element Social groups.
650 #4 - SUBJECT ADDED ENTRY--TOPICAL TERM
Topical term or geographic name as entry element Social interaction.
951 ## - EQUIVALENCE OR CROSS-REFERENCE-GEOGRAPHIC NAME/AREA NAME [OBSOLETE] [CAN/MARC only]
General subdivision 00028286
700 1# - ADDED ENTRY--PERSONAL NAME
Personal name Hare, A. Paul
Fuller form of name (Alexander Paul),
Dates associated with a name 1923-
Relator term ed.
951 ## - EQUIVALENCE OR CROSS-REFERENCE-GEOGRAPHIC NAME/AREA NAME [OBSOLETE] [CAN/MARC only]
-- 27107
-- HM291/Sm1h
-- 070613111358812
-- 2000-12-21
-- GC
Holdings
Withdrawn status Lost status Damaged status Not for loan Home library Current library Shelving location Date acquired Accession number Shelving control number Total Checkouts Full call number Barcode Date last seen Price effective from Koha item type
        BSOP Library BSOP Library GC 12/21/2000 27107 127   HM291/Sm1h 00028286 02/23/2013 02/23/2013 Books
BSOP

Biblical Seminary of the Philippines
  All rights Reserved
  © 2024

CONTACT INFORMATION

Biblical Seminary of the Philippines,
  77-B Karuhatan Road, Valenzuela City,
  PHILIPPINES 1441
  Phone: +632 8292-6795 / 8292-6798
  Fax : +632 8292-6675
  Email: library@bsop.edu.ph